[Event "dgcs"]
[Site "Ostrow Wielkopolski"]
[Date "2019.10.04"]
[Round "6.2"]
[White "Budrewicz, Krzysztof"]
[Black "Janaszak, Dawid"]
[Result "1/2-1/2"]
[BlackElo "2256"]
[WhiteElo "2336"]
[LiveChessVersion "1.4.8"]

1. d4 {[%clk 0:10:04]} Nf6 {[%clk 0:10:05]} 2. c4 {[%clk 0:10:05]} g6
{[%clk 0:10:07]} 3. Nc3 {[%clk 0:10:05]} d5 {[%clk 0:10:08]} 4. Nf3
{[%clk 0:10:05]} Bg7 {[%clk 0:10:09]} 5. Bf4 {[%clk 0:10:07]} O-O
{[%clk 0:09:37]} 6. e3 {[%clk 0:10:08]} c5 {[%clk 0:09:34]} 7. dxc5
{[%clk 0:10:09]} Qa5 {[%clk 0:09:35]} 8. Rc1 {[%clk 0:10:07]} Ne4
{[%clk 0:08:55]} 9. cxd5 {[%clk 0:10:02]} Nxc3 {[%clk 0:08:46]} 10. Qd2
{[%clk 0:10:02]} Qxa2 {[%clk 0:08:17]} 11. bxc3 {[%clk 0:10:03]} Qa5
{[%clk 0:08:17]} 12. d6 {[%clk 0:09:39]} Nc6 {[%clk 0:07:04]} 13. dxe7
{[%clk 0:08:44]} Nxe7 {[%clk 0:07:03]} 14. Bd6 {[%clk 0:08:42]} Re8
{[%clk 0:06:46]} 15. Bc4 {[%clk 0:07:53]} Nf5 {[%clk 0:05:39]} 16. O-O
{[%clk 0:07:50]} Be6 {[%clk 0:05:27]} 17. Bxe6 {[%clk 0:07:20]} Rxe6
{[%clk 0:05:20]} 18. Rfd1 {[%clk 0:07:12]} Nxd6 {[%clk 0:04:17]} 19. cxd6
{[%clk 0:07:14]} Rd8 {[%clk 0:04:19]} 20. d7 {[%clk 0:05:55]} Re7
{[%clk 0:04:20]} 21. Nd4 {[%clk 0:04:11]} Rexd7 {[%clk 0:04:13]} 22. Ra1
{[%clk 0:04:07]} Qc5 {[%clk 0:04:11]} 23. Rdb1 {[%clk 0:04:02]} a6
{[%clk 0:03:57]} 24. Rb3 {[%clk 0:03:42]} Qd5 {[%clk 0:03:55]} 25. Qb2
{[%clk 0:03:40]} Rc8 {[%clk 0:03:37]} 26. Rb1 {[%clk 0:03:27]} Rcc7
{[%clk 0:03:35]} 27. h3 {[%clk 0:03:22]} h6 {[%clk 0:03:37]} 28. Rb6
{[%clk 0:02:59]} Bf8 {[%clk 0:03:27]} 29. Qd2 {[%clk 0:02:23]} Bc5
{[%clk 0:03:25]} 30. R6b3 {[%clk 0:02:21]} Kh7 {[%clk 0:03:22]} 31. Qe2
{[%clk 0:02:21]} Qe4 {[%clk 0:03:14]} 32. Qg4 {[%clk 0:02:02]} Qd5
{[%clk 0:02:55]} 33. Qf3 {[%clk 0:01:47]} Qxf3 {[%clk 0:02:31]} 34. Nxf3
{[%clk 0:01:49]} Kg7 35. Kf1 b6 {[%clk 0:01:26]} 36. Ke2 {[%clk 0:01:53]} a5
{[%clk 0:01:28]} 37. Ne5 {[%clk 0:01:47]} Rd5 {[%clk 0:01:30]} 38. Nc4
{[%clk 0:01:45]} a4 {[%clk 0:01:19]} 39. Rb5 {[%clk 0:01:47]} Rd8
{[%clk 0:01:06]} 40. Ra1 {[%clk 0:01:41]} Ra7 {[%clk 0:01:02]} 41. Nxb6
{[%clk 0:01:24]} Bxb6 {[%clk 0:00:37]} 42. Rxb6 {[%clk 0:01:26]} a3
{[%clk 0:00:33]} 43. Ra2 {[%clk 0:01:28]} Rda8 {[%clk 0:00:27]} 44. Rb3
{[%clk 0:01:29]} Kf6 {[%clk 0:00:29]} 45. Kd3 {[%clk 0:01:31]} Ke6
{[%clk 0:00:30]} 46. Kc2 {[%clk 0:01:33]} Ra5 {[%clk 0:00:29]} 47. Rb4
{[%clk 0:01:24]} Rg5 {[%clk 0:00:26]} 48. g4 {[%clk 0:01:24]} h5 {[%clk 0:00:21]}
49. Kb3 {[%clk 0:01:26]} hxg4 {[%clk 0:00:22]} 50. hxg4 {[%clk 0:01:28]} Rc5
{[%clk 0:00:24]} 51. c4 {[%clk 0:01:09]} Rca5 {[%clk 0:00:15]} 52. Kc3
{[%clk 0:01:10]} R5a6 {[%clk 0:00:16]} 53. Rb3 {[%clk 0:01:11]} Ra4
{[%clk 0:00:15]} 54. Rb6+ {[%clk 0:01:11]} Ke5 {[%clk 0:00:12]} 55. g5
{[%clk 0:00:57]} Kf5 {[%clk 0:00:09]} 56. Rb5+ {[%clk 0:00:48]} Ke4
{[%clk 0:00:06]} 57. Kb3 {[%clk 0:00:49]} R4a7 {[%clk 0:00:07]} 58. Rb6
{[%clk 0:00:38]} Kf3 {[%clk 0:00:07]} 59. Rf6+ {[%clk 0:00:37]} Kg4
{[%clk 0:00:09]} 60. f4 Kg3 61. e4 {[%clk 0:00:28]} Rd8 {[%clk 0:00:13]} 62. Kc3
{[%clk 0:00:30]} Rd1 {[%clk 0:00:13]} 63. f5 {[%clk 0:00:13]} Re1
{[%clk 0:00:14]} 64. fxg6 {[%clk 0:00:14]} fxg6 {[%clk 0:00:16]} 65. Rxg6
{[%clk 0:00:12]} Rxe4 66. Rc6 {[%clk 0:00:13]} Re3+ {[%clk 0:00:13]} 67. Kb4
{[%clk 0:00:15]} Re8 {[%clk 0:00:12]} 68. g6 {[%clk 0:00:16]} Rb8+
{[%clk 0:00:12]} 69. Kc3 {[%clk 0:00:18]} Re7 {[%clk 0:00:14]} 70. Rd6
{[%clk 0:00:17]} Ra8 {[%clk 0:00:09]} 71. Rd3+ {[%clk 0:00:14]} Kg4
{[%clk 0:00:11]} 72. g7 {[%clk 0:00:14]} Rg8 {[%clk 0:00:06]} 73. Rxa3
{[%clk 0:00:16]} Rexg7 {[%clk 0:00:07]} 74. c5 {[%clk 0:00:17]} Rc7
{[%clk 0:00:08]} 75. Kc4 {[%clk 0:00:16]} Rgc8 {[%clk 0:00:10]} 76. Rd5
{[%clk 0:00:18]} Kf4 77. Ra1 {[%clk 0:00:17]} Rb7 {[%clk 0:00:08]} 78. Rf1+
{[%clk 0:00:20]} Ke3 {[%clk 0:00:11]} 79. Re1+ {[%clk 0:00:22]} Kf2
{[%clk 0:00:13]} 80. Re6 {[%clk 0:00:23]} Rf8 {[%clk 0:00:14]} 81. c6
{[%clk 0:00:24]} Rb2 {[%clk 0:00:16]} 82. Kc5 {[%clk 0:00:16]} Rc2+
{[%clk 0:00:17]} 83. Kd6 {[%clk 0:00:15]} Rd8+ {[%clk 0:00:19]} 84. Ke5
{[%clk 0:00:18]} Rc8 {[%clk 0:00:20]} 85. Rdd6 {[%clk 0:00:17]} Rc7
{[%clk 0:00:23]} 86. Kf6 {[%clk 0:00:18]} Kf3 {[%clk 0:00:23]} 87. Kg6
{[%clk 0:00:19]} Kf4 {[%clk 0:00:24]} 88. Rf6+ {[%clk 0:00:21]} Ke5
{[%clk 0:00:25]} 89. Rfe6+ {[%clk 0:00:22]} Kf4 {[%clk 0:00:28]} 90. Kf6
{[%clk 0:00:24]} Rc1 91. Rd4+ {[%clk 0:00:20]} Kf3 {[%clk 0:00:30]} 92. Rdd6
{[%clk 0:00:19]} Kf4 {[%clk 0:00:33]} 93. Kg6 {[%clk 0:00:12]} Rg1+
{[%clk 0:00:35]} 94. Kf6 {[%clk 0:00:11]} Rc1 {[%clk 0:00:35]} 95. Rd4+
{[%clk 0:00:11]} Kf3 {[%clk 0:00:38]} 96. Rd3+ {[%clk 0:00:13]} Kf4
{[%clk 0:00:38]} 97. Rdd6 {[%clk 0:00:14]} Rc2 {[%clk 0:00:38]} 98. Kg6
{[%clk 0:00:11]} Rg2+ {[%clk 0:00:40]} 99. Kf6 {[%clk 0:00:11]} Rc2
{[%clk 0:00:42]} 100. Rd4+ {[%clk 0:00:07]} Kf3 {[%clk 0:00:44]} 101. Rd3+
{[%clk 0:00:09]} Kf4 {[%clk 0:00:45]} 102. Rd4+ {[%clk 0:00:09]} Kf3
{[%clk 0:00:47]} 103. Rdd6 {[%clk 0:00:07]} Kf4 {[%clk 0:00:49]} 104. Rd4+
{[%clk 0:00:07]} Kf3 1/2-1/2

[Event "dgcs"]
[Site "Ostrow Wielkopolski"]
[Date "2019.10.04"]
[Round "6.3"]
[White "Lewandowski, Krzysztof"]
[Black "Plichta, Kamil"]
[Result "0-1"]
[BlackElo "2409"]
[WhiteElo "2081"]
[LiveChessVersion "1.4.8"]

1. d4 {[%clk 0:10:04]} g6 {[%clk 0:10:05]} 2. c4 {[%clk 0:10:04]} Bg7
{[%clk 0:10:06]} 3. Nc3 {[%clk 0:10:04]} Nf6 {[%clk 0:10:08]} 4. e4
{[%clk 0:10:05]} d6 {[%clk 0:10:09]} 5. f3 {[%clk 0:10:05]} O-O {[%clk 0:10:10]}
6. Be3 {[%clk 0:10:06]} Nc6 {[%clk 0:10:12]} 7. Nge2 {[%clk 0:10:07]} a6
{[%clk 0:10:14]} 8. Qd2 {[%clk 0:10:08]} Na5 {[%clk 0:10:16]} 9. Nc1
{[%clk 0:10:02]} Nd7 {[%clk 0:10:19]} 10. b4 {[%clk 0:09:48]} Nc6
{[%clk 0:10:19]} 11. Rb1 {[%clk 0:09:41]} e5 12. d5 {[%clk 0:09:33]} Nd4
{[%clk 0:10:20]} 13. Nb3 Nxb3 14. Rxb3 {[%clk 0:09:26]} f5 {[%clk 0:10:16]} 15.
exf5 {[%clk 0:09:26]} gxf5 {[%clk 0:10:17]} 16. Be2 a5 17. a3 {[%clk 0:08:46]}
axb4 {[%clk 0:09:59]} 18. axb4 {[%clk 0:08:48]} Ra1+ {[%clk 0:10:00]} 19. Nb1 Nf6
{[%clk 0:08:51]} 20. O-O {[%clk 0:08:35]} Bd7 {[%clk 0:08:52]} 21. Bd3
{[%clk 0:08:20]} Qe7 22. Nc3 {[%clk 0:07:18]} Rxf1+ {[%clk 0:08:34]} 23. Bxf1
{[%clk 0:07:09]} Ra8 {[%clk 0:08:08]} 24. c5 {[%clk 0:06:23]} Kh8
{[%clk 0:07:49]} 25. Rb2 e4 26. f4 {[%clk 0:05:59]} Ng4 {[%clk 0:07:50]} 27. Bd4
Ra1 {[%clk 0:07:17]} 28. Bxg7+ {[%clk 0:05:40]} Qxg7 {[%clk 0:06:43]} 29. Rb1
{[%clk 0:04:58]} Ra3 {[%clk 0:06:11]} 30. Nd1 {[%clk 0:03:24]} Ba4 31. Be2 Bxd1
{[%clk 0:06:00]} 32. Bxd1 {[%clk 0:03:19]} Rd3 0-1

[Event "dgcs"]
[Site "Ostrow Wielkopolski"]
[Date "2019.10.04"]
[Round "6.4"]
[White "Jedynak, Radoslaw"]
[Black "Pieczewski, Szymon"]
[Result "1-0"]
[BlackElo "1744"]
[WhiteElo "2382"]
[LiveChessVersion "1.4.8"]

1. d4 {[%clk 0:10:03]} Nf6 {[%clk 0:10:02]} 2. c4 {[%clk 0:10:05]} g6
{[%clk 0:10:04]} 3. Nc3 {[%clk 0:10:06]} Bg7 {[%clk 0:10:06]} 4. e4
{[%clk 0:10:08]} d6 {[%clk 0:10:08]} 5. Nf3 {[%clk 0:10:09]} O-O {[%clk 0:10:09]}
6. Be2 {[%clk 0:10:11]} a6 {[%clk 0:10:10]} 7. O-O {[%clk 0:09:50]} Nc6
{[%clk 0:10:09]} 8. d5 {[%clk 0:09:35]} Nb8 {[%clk 0:09:54]} 9. Be3
{[%clk 0:09:11]} e5 {[%clk 0:09:48]} 10. b4 {[%clk 0:08:56]} Ng4 {[%clk 0:09:35]}
11. Bg5 {[%clk 0:08:51]} Qe8 {[%clk 0:09:18]} 12. h3 {[%clk 0:08:42]} Nf6
{[%clk 0:09:18]} 13. c5 {[%clk 0:08:38]} h6 {[%clk 0:09:10]} 14. Be3
{[%clk 0:08:39]} Nh5 {[%clk 0:09:07]} 15. Rc1 {[%clk 0:07:44]} Nf4
{[%clk 0:09:04]} 16. Qd2 {[%clk 0:07:44]} Nxe2+ {[%clk 0:09:00]} 17. Qxe2
{[%clk 0:07:43]} f5 {[%clk 0:09:00]} 18. Rc2 {[%clk 0:06:55]} Nd7
{[%clk 0:08:38]} 19. Rfc1 {[%clk 0:06:28]} Nf6 {[%clk 0:08:34]} 20. cxd6
{[%clk 0:05:55]} cxd6 {[%clk 0:08:35]} 21. Bb6 {[%clk 0:05:55]} fxe4
{[%clk 0:08:01]} 22. Nd2 {[%clk 0:05:46]} Bf5 23. Be3 {[%clk 0:04:36]} Rc8
{[%clk 0:07:41]} 24. g4 {[%clk 0:04:25]} Bd7 {[%clk 0:07:42]} 25. Ndxe4
{[%clk 0:04:20]} Qe7 {[%clk 0:07:39]} 26. Nxf6+ {[%clk 0:04:15]} Qxf6
{[%clk 0:07:27]} 27. Ne4 {[%clk 0:04:17]} Qe7 {[%clk 0:07:30]} 28. Rxc8
{[%clk 0:04:08]} Rxc8 {[%clk 0:07:31]} 29. Rxc8+ {[%clk 0:04:08]} Bxc8
{[%clk 0:07:33]} 30. Qc4 {[%clk 0:04:10]} Qd8 {[%clk 0:07:10]} 31. Nxd6
{[%clk 0:03:32]} Qxd6 {[%clk 0:06:50]} 32. Qxc8+ {[%clk 0:03:33]} Kh7 33. Qxb7
{[%clk 0:03:07]} Qf6 {[%clk 0:06:21]} 34. a4 {[%clk 0:03:09]} Qf3
{[%clk 0:06:05]} 35. Qxa6 {[%clk 0:03:05]} e4 {[%clk 0:05:57]} 36. Qf1 1-0

[Event "dgcs"]
[Site "Ostrow Wielkopolski"]
[Date "2019.10.04"]
[Round "6.5"]
[White "Dudzinski, Pawel"]
[Black "Andrejczuk, Beata"]
[Result "1-0"]
[BlackElo "1981"]
[WhiteElo "2188"]
[LiveChessVersion "1.4.8"]

1. c3 g6 {[%clk 0:10:03]} 2. f4 {[%clk 0:10:03]} Bg7 {[%clk 0:10:03]} 3. Nf3
{[%clk 0:10:03]} d6 {[%clk 0:10:03]} 4. e4 {[%clk 0:10:03]} c5 {[%clk 0:10:03]}
5. g3 {[%clk 0:10:03]} Nc6 {[%clk 0:10:03]} 6. Bg2 {[%clk 0:10:03]} e6
{[%clk 0:10:03]} 7. O-O {[%clk 0:10:03]} Nge7 {[%clk 0:10:03]} 8. d4
{[%clk 0:10:03]} cxd4 {[%clk 0:10:03]} 9. cxd4 {[%clk 0:10:03]} Qb6 10. Be3
{[%clk 0:09:15]} Qxb2 {[%clk 0:09:55]} 11. Nbd2 {[%clk 0:09:16]} O-O
{[%clk 0:09:01]} 12. Nb3 {[%clk 0:08:46]} d5 {[%clk 0:07:59]} 13. Ne5
{[%clk 0:07:17]} dxe4 {[%clk 0:07:19]} 14. Bxe4 {[%clk 0:06:56]} Nd5
{[%clk 0:07:01]} 15. Qf3 {[%clk 0:06:36]} Nxe5 {[%clk 0:04:22]} 16. dxe5
{[%clk 0:06:38]} Bd7 {[%clk 0:04:03]} 17. Bc1 {[%clk 0:06:27]} Qc3
{[%clk 0:03:32]} 18. Bxd5 {[%clk 0:06:29]} 1-0

[Event "dgcs"]
[Site "Ostrow Wielkopolski"]
[Date "2019.10.04"]
[Round "6.6"]
[White "Bobrowski, Piotr"]
[Black "Tadzik, Dariusz"]
[Result "1-0"]
[BlackElo "1650"]
[WhiteElo "1905"]
[LiveChessVersion "1.4.8"]

1. c4 {[%clk 0:10:05]} Nf6 {[%clk 0:10:05]} 2. Nc3 {[%clk 0:10:06]} c6
{[%clk 0:10:07]} 3. d4 {[%clk 0:10:05]} d5 {[%clk 0:10:10]} 4. e3
{[%clk 0:10:06]} a5 {[%clk 0:09:52]} 5. Bd2 {[%clk 0:10:01]} e6 {[%clk 0:09:52]}
6. a3 {[%clk 0:09:49]} Nbd7 {[%clk 0:09:44]} 7. c5 {[%clk 0:09:51]} e5 8. Bd3
{[%clk 0:09:18]} e4 {[%clk 0:09:45]} 9. Bc2 {[%clk 0:09:10]} Be7 {[%clk 0:09:47]}
10. f4 {[%clk 0:08:01]} exf3 {[%clk 0:09:45]} 11. Nxf3 {[%clk 0:08:02]} O-O
{[%clk 0:09:47]} 12. O-O Re8 {[%clk 0:09:45]} 13. h3 {[%clk 0:07:50]} Nf8
{[%clk 0:09:11]} 14. b4 {[%clk 0:07:28]} Ng6 {[%clk 0:08:19]} 15. Na4
{[%clk 0:07:08]} axb4 16. axb4 Bf8 {[%clk 0:07:35]} 17. Nb6 {[%clk 0:06:39]} Rb8
{[%clk 0:07:29]} 18. Ra7 {[%clk 0:06:22]} Ne4 {[%clk 0:07:09]} 19. Be1
{[%clk 0:05:40]} f5 {[%clk 0:06:21]} 20. Qc1 {[%clk 0:05:25]} f4 {[%clk 0:06:10]}
21. exf4 {[%clk 0:04:34]} Nxf4 {[%clk 0:05:48]} 22. Kh1 {[%clk 0:03:43]} Ne2
{[%clk 0:05:48]} 23. Qd1 N2g3+ 24. Kg1 {[%clk 0:03:31]} Nxf1 {[%clk 0:05:46]} 25.
Kxf1 Qf6 {[%clk 0:05:12]} 26. Nxc8 {[%clk 0:03:22]} Rexc8 27. Kg1 Re8
{[%clk 0:04:54]} 28. Ne5 {[%clk 0:03:14]} Rxe5 {[%clk 0:04:49]} 29. dxe5
{[%clk 0:03:08]} Qxe5 {[%clk 0:04:27]} 30. Qe2 {[%clk 0:02:03]} Be7 31. Qg4
{[%clk 0:01:51]} Nf6 {[%clk 0:04:06]} 32. Qg3 Nd7 {[%clk 0:03:18]} 33. Bf5
{[%clk 0:01:50]} Qd4+ {[%clk 0:02:28]} 34. Kh2 {[%clk 0:01:44]} Ne5
{[%clk 0:02:28]} 35. Bc3 Qc4 {[%clk 0:01:21]} 36. Bxe5 {[%clk 0:01:35]} 1-0

[Event "dgcs"]
[Site "Ostrow Wielkopolski"]
[Date "2019.10.04"]
[Round "7.1"]
[White "Janaszak, Dawid"]
[Black "Krzywda, Andrzej"]
[Result "1-0"]
[BlackElo "2067"]
[WhiteElo "2256"]
[LiveChessVersion "1.4.8"]

1. c4 {[%clk 0:10:05]} Nf6 {[%clk 0:10:05]} 2. g3 {[%clk 0:10:07]} e6
{[%clk 0:10:07]} 3. Bg2 {[%clk 0:10:09]} d5 {[%clk 0:10:09]} 4. d4
{[%clk 0:10:10]} Bb4+ {[%clk 0:10:06]} 5. Nd2 {[%clk 0:10:06]} O-O
{[%clk 0:09:31]} 6. Ngf3 {[%clk 0:10:03]} dxc4 {[%clk 0:08:52]} 7. Qc2 Nc6
{[%clk 0:06:55]} 8. Qxc4 {[%clk 0:09:58]} Qe7 {[%clk 0:06:21]} 9. O-O
{[%clk 0:09:51]} Bd6 {[%clk 0:05:56]} 10. e4 {[%clk 0:09:33]} e5 {[%clk 0:05:54]}
11. d5 {[%clk 0:09:35]} Nb8 12. Qe2 c6 {[%clk 0:05:01]} 13. Nc4 {[%clk 0:08:32]}
cxd5 {[%clk 0:04:40]} 14. exd5 Bg4 15. Nxd6 {[%clk 0:06:30]} Bxf3
{[%clk 0:03:31]} 16. Nf5 {[%clk 0:06:25]} Bxe2 {[%clk 0:03:16]} 17. Nxe7+
{[%clk 0:06:26]} Kh8 {[%clk 0:03:18]} 18. Re1 Bd3 {[%clk 0:01:46]} 19. Rxe5
{[%clk 0:06:17]} Nbd7 {[%clk 0:01:33]} 20. Re1 {[%clk 0:05:37]} Nb6
{[%clk 0:01:18]} 21. Bf4 Rfd8 {[%clk 0:01:01]} 22. d6 {[%clk 0:05:29]} Nh5
{[%clk 0:00:54]} 23. Be5 f6 24. Bc3 {[%clk 0:03:38]} Rxd6 {[%clk 0:00:49]} 25.
Bxb7 Rb8 {[%clk 0:00:34]} 26. Bf3 {[%clk 0:03:39]} Bg6 {[%clk 0:00:20]} 27. Nc6
Rc8 {[%clk 0:00:05]} 28. Nxa7 {[%clk 0:03:20]} Rcd8 29. Bb4 {[%clk 0:03:04]} R6d7
{[%clk 0:00:06]} 30. Nc6 {[%clk 0:03:02]} Rc8 {[%clk 0:00:08]} 31. Ne7
{[%clk 0:02:53]} Rb8 {[%clk 0:00:10]} 32. Bc6 {[%clk 0:02:48]} Rdd8
{[%clk 0:00:09]} 33. Bf3 {[%clk 0:02:26]} Re8 {[%clk 0:00:07]} 34. Nxg6+
{[%clk 0:02:23]} hxg6 35. Bc6 {[%clk 0:02:20]} Rec8 {[%clk 0:00:10]} 36. Bf3
{[%clk 0:02:18]} Nc4 {[%clk 0:00:11]} 37. Bc3 {[%clk 0:02:14]} Nxb2 38. Bd2
{[%clk 0:01:20]} Rc2 {[%clk 0:00:09]} 39. Be3 {[%clk 0:01:20]} Nc4
{[%clk 0:00:10]} 40. Ba7 {[%clk 0:01:11]} Rbb2 {[%clk 0:00:10]} 41. Be4 Rd2
{[%clk 0:00:07]} 42. Bxg6 {[%clk 0:01:11]} Rxa2 {[%clk 0:00:06]} 43. Re8# 1-0

[Event "dgcs"]
[Site "Ostrow Wielkopolski"]
[Date "2019.10.04"]
[Round "7.2"]
[White "Jedynak, Radoslaw"]
[Black "Budrewicz, Krzysztof"]
[Result "0-1"]
[BlackElo "2336"]
[WhiteElo "2382"]
[LiveChessVersion "1.4.8"]

1. d4 {[%clk 0:10:05]} d6 {[%clk 0:10:04]} 2. Nf3 {[%clk 0:10:06]} g6
{[%clk 0:10:03]} 3. c4 {[%clk 0:10:07]} Bg7 {[%clk 0:10:04]} 4. e4
{[%clk 0:10:08]} Bg4 {[%clk 0:10:06]} 5. Be2 {[%clk 0:10:07]} Nc6
{[%clk 0:09:55]} 6. Be3 {[%clk 0:10:06]} e5 {[%clk 0:09:49]} 7. d5
{[%clk 0:10:03]} Bxf3 {[%clk 0:09:47]} 8. Bxf3 {[%clk 0:10:02]} Nd4
{[%clk 0:09:49]} 9. Nc3 {[%clk 0:09:45]} Ne7 {[%clk 0:09:34]} 10. Bxd4
{[%clk 0:09:13]} exd4 {[%clk 0:09:35]} 11. Ne2 {[%clk 0:09:01]} c5
{[%clk 0:09:37]} 12. dxc6 {[%clk 0:07:41]} Nxc6 {[%clk 0:09:39]} 13. O-O
{[%clk 0:07:35]} O-O {[%clk 0:09:40]} 14. Nf4 {[%clk 0:07:10]} Re8
{[%clk 0:09:21]} 15. Rc1 {[%clk 0:06:24]} Bh6 {[%clk 0:09:14]} 16. Qd2
{[%clk 0:05:37]} Ne5 {[%clk 0:08:49]} 17. Be2 {[%clk 0:05:13]} d3
{[%clk 0:08:02]} 18. Bd1 {[%clk 0:05:14]} Rc8 {[%clk 0:08:04]} 19. Bb3
{[%clk 0:05:04]} Qg5 {[%clk 0:08:03]} 0-1

[Event "dgcs"]
[Site "Ostrow Wielkopolski"]
[Date "2019.10.04"]
[Round "7.3"]
[White "Plichta, Kamil"]
[Black "Przybylski, Wojciech"]
[Result "1-0"]
[BlackElo "2286"]
[WhiteElo "2409"]
[LiveChessVersion "1.4.8"]

1. d4 {[%clk 0:10:06]} d5 {[%clk 0:10:03]} 2. c4 {[%clk 0:10:08]} dxc4
{[%clk 0:10:02]} 3. e4 {[%clk 0:10:09]} e5 {[%clk 0:10:03]} 4. Nf3
{[%clk 0:10:11]} exd4 {[%clk 0:10:01]} 5. Bxc4 {[%clk 0:10:13]} Bb4+
{[%clk 0:10:02]} 6. Nbd2 {[%clk 0:10:14]} Nc6 {[%clk 0:10:02]} 7. O-O
{[%clk 0:10:11]} Nf6 8. e5 {[%clk 0:10:12]} Nd5 {[%clk 0:09:56]} 9. Nb3
{[%clk 0:10:14]} Be7 {[%clk 0:09:22]} 10. Nbxd4 {[%clk 0:09:46]} Nxd4 11. Nxd4
{[%clk 0:09:37]} O-O {[%clk 0:09:07]} 12. Bb3 {[%clk 0:08:55]} c5 13. Qf3
{[%clk 0:08:55]} cxd4 {[%clk 0:05:16]} 14. Bxd5 Bg4 {[%clk 0:03:08]} 15. Qxg4
{[%clk 0:08:01]} Qxd5 {[%clk 0:03:10]} 16. Bh6 {[%clk 0:08:03]} Qxe5
{[%clk 0:02:51]} 17. Rfe1 {[%clk 0:08:05]} f5 {[%clk 0:02:52]} 18. Rxe5
{[%clk 0:07:40]} fxg4 {[%clk 0:02:54]} 19. Bxg7 {[%clk 0:07:21]} Bd6
{[%clk 0:02:32]} 20. Rg5 {[%clk 0:07:13]} Bf4 {[%clk 0:02:16]} 21. Rxg4
{[%clk 0:07:14]} h5 {[%clk 0:02:16]} 22. Rg6 {[%clk 0:06:20]} Kh7 23. Bxf8 Kxg6
{[%clk 0:02:17]} 24. Bc5 {[%clk 0:06:23]} Be5 {[%clk 0:02:09]} 25. f4
{[%clk 0:03:53]} Bf6 26. Rd1 {[%clk 0:03:39]} b6 {[%clk 0:01:51]} 27. Bb4
{[%clk 0:03:33]} Rc8 28. Kf2 {[%clk 0:03:31]} a5 {[%clk 0:01:02]} 29. Be1 Rc2+
{[%clk 0:00:10]} 30. Rd2 {[%clk 0:03:33]} Rc1 {[%clk 0:00:09]} 31. Ke2
{[%clk 0:03:31]} Kf5 {[%clk 0:00:13]} 32. g3 {[%clk 0:03:12]} Ke4 33. Bf2
{[%clk 0:02:06]} Rh1 {[%clk 0:00:15]} 34. h4 {[%clk 0:01:40]} Ra1
{[%clk 0:00:16]} 35. b3 {[%clk 0:01:22]} b5 {[%clk 0:00:14]} 36. a4
{[%clk 0:01:18]} bxa4 {[%clk 0:00:13]} 37. bxa4 {[%clk 0:01:20]} Rxa4
{[%clk 0:00:15]} 38. g4 {[%clk 0:00:46]} hxg4 {[%clk 0:00:17]} 39. h5
{[%clk 0:00:48]} Ra1 {[%clk 0:00:15]} 40. h6 {[%clk 0:00:30]} a4 {[%clk 0:00:11]}
41. h7 {[%clk 0:00:32]} a3 {[%clk 0:00:11]} 42. Bxd4 {[%clk 0:00:32]} Rh1
{[%clk 0:00:10]} 43. Bxf6 {[%clk 0:00:34]} Rxh7 {[%clk 0:00:11]} 44. Rd4+
{[%clk 0:00:23]} Kf5 {[%clk 0:00:13]} 45. Be5 {[%clk 0:00:26]} a2
{[%clk 0:00:07]} 46. Ra4 {[%clk 0:00:27]} Rh1 {[%clk 0:00:07]} 47. Kf2
{[%clk 0:00:30]} Rh2+ {[%clk 0:00:07]} 48. Kg3 {[%clk 0:00:31]} Rd2
{[%clk 0:00:08]} 49. Ra5 {[%clk 0:00:22]} Rd3+ {[%clk 0:00:10]} 50. Kg2
{[%clk 0:00:23]} Rd2+ {[%clk 0:00:11]} 51. Kg3 {[%clk 0:00:26]} Rd3+
{[%clk 0:00:13]} 52. Kf2 {[%clk 0:00:28]} Rd2+ {[%clk 0:00:07]} 53. Ke3
{[%clk 0:00:30]} Rg2 {[%clk 0:00:05]} 54. Bb2+ {[%clk 0:00:30]} Kg6
{[%clk 0:00:05]} 55. Rxa2 {[%clk 0:00:33]} Rc2 {[%clk 0:00:04]} 56. Ra6+
{[%clk 0:00:34]} Kh5 57. Bd4 {[%clk 0:00:22]} g3 {[%clk 0:00:06]} 58. Kf3
{[%clk 0:00:24]} g2 {[%clk 0:00:06]} 59. Ra5+ {[%clk 0:00:22]} Kh6
{[%clk 0:00:05]} 60. Rg5 {[%clk 0:00:23]} Rd2 {[%clk 0:00:07]} 61. Be3
{[%clk 0:00:23]} Ra2 {[%clk 0:00:05]} 62. Rxg2 {[%clk 0:00:25]} Ra5
{[%clk 0:00:06]} 63. f5+ {[%clk 0:00:24]} Kh7 {[%clk 0:00:08]} 64. Ke4
{[%clk 0:00:25]} Ra4+ {[%clk 0:00:07]} 65. Bd4 {[%clk 0:00:27]} Ra8
{[%clk 0:00:07]} 66. f6 {[%clk 0:00:28]} Re8+ {[%clk 0:00:06]} 67. Be5
{[%clk 0:00:30]} Ra8 {[%clk 0:00:05]} 68. Kf5 {[%clk 0:00:31]} Ra3
{[%clk 0:00:05]} 69. f7 {[%clk 0:00:27]} Rf3+ {[%clk 0:00:05]} 70. Ke6
{[%clk 0:00:28]} Rf1 {[%clk 0:00:04]} 71. Rg8 {[%clk 0:00:20]} 1-0

[Event "dgcs"]
[Site "Ostrow Wielkopolski"]
[Date "2019.10.04"]
[Round "7.4"]
[White "Bobrowski, Piotr"]
[Black "Dudzinski, Pawel"]
[Result "0-1"]
[BlackElo "2188"]
[WhiteElo "1905"]
[LiveChessVersion "1.4.8"]

1. c4 {[%clk 0:10:05]} e5 {[%clk 0:10:05]} 2. Nc3 {[%clk 0:10:06]} Nc6
{[%clk 0:10:07]} 3. g3 {[%clk 0:10:08]} g6 {[%clk 0:10:10]} 4. Bg2
{[%clk 0:10:09]} Bg7 {[%clk 0:10:12]} 5. e3 {[%clk 0:10:09]} d6 {[%clk 0:10:14]}
6. Nge2 {[%clk 0:10:08]} Be6 {[%clk 0:10:17]} 7. b3 {[%clk 0:10:07]} Qd7
{[%clk 0:10:19]} 8. O-O {[%clk 0:10:07]} Bh3 {[%clk 0:10:21]} 9. d4
{[%clk 0:10:03]} h5 {[%clk 0:10:15]} 10. d5 {[%clk 0:10:03]} Nce7
{[%clk 0:10:08]} 11. Bb2 {[%clk 0:09:54]} h4 {[%clk 0:10:08]} 12. Nb5
{[%clk 0:09:53]} Bxg2 {[%clk 0:10:08]} 13. Kxg2 {[%clk 0:09:54]} hxg3
{[%clk 0:10:05]} 14. hxg3 {[%clk 0:09:33]} e4 {[%clk 0:09:35]} 15. Rh1
{[%clk 0:09:08]} Rxh1 {[%clk 0:09:36]} 16. Qxh1 {[%clk 0:09:10]} Bxb2
{[%clk 0:09:36]} 17. Rb1 {[%clk 0:09:00]} Be5 {[%clk 0:09:38]} 18. Qh4
{[%clk 0:08:45]} a6 {[%clk 0:09:32]} 19. Nbc3 {[%clk 0:08:38]} f5
{[%clk 0:09:16]} 20. Nd4 {[%clk 0:08:22]} O-O-O {[%clk 0:08:51]} 21. Nce2
{[%clk 0:08:19]} Nf6 {[%clk 0:08:15]} 22. Rh1 {[%clk 0:08:09]} Nh5
{[%clk 0:07:45]} 23. Ne6 {[%clk 0:07:45]} Rh8 {[%clk 0:07:46]} 24. g4
{[%clk 0:06:17]} Bf6 {[%clk 0:05:20]} 25. g5 {[%clk 0:06:18]} Be5
{[%clk 0:05:21]} 26. N2f4 {[%clk 0:05:06]} Nxf4+ {[%clk 0:04:59]} 27. exf4
{[%clk 0:05:07]} Rxh4 {[%clk 0:05:00]} 28. Rxh4 {[%clk 0:05:07]} Bb2
{[%clk 0:04:58]} 29. Rh7 {[%clk 0:05:08]} Qe8 {[%clk 0:04:50]} 30. Kf1
{[%clk 0:04:54]} Kd7 {[%clk 0:04:47]} 31. Ke2 {[%clk 0:04:49]} Qg8
{[%clk 0:04:44]} 32. Rh6 {[%clk 0:04:40]} Bg7 {[%clk 0:04:31]} 33. Rh3
{[%clk 0:04:40]} c6 {[%clk 0:04:24]} 0-1